000 00353nam a2200145Ia 4500
008 230312s9999||||xx |||||||||||||| ||und||
020 _a81-775-8874-3
082 _a620.3
_bRAO-M
100 _aRao;Singiresu.S
245 0 _aMechanical Vibrations
260 _bPearson
_aIndia
_c2017
300 _a1108
650 _aEngineering
_vMechanics
942 _cBK
999 _c12177
_d12177